The Calculus Reader : textbook for first semester calculus (preliminary edition) (Record no. 36606)

MARC details
000 -LEADER
fixed length control field 00619nam a2200157 a 4500
008 - FIXED-LENGTH DATA ELEMENTS--GENERAL INFORMATION
fixed length control field 210211s1993 xx |||||||||||||| || u
020 ## - INTERNATIONAL STANDARD BOOK NUMBER
International Standard Book Number 0669333034
050 ## - LIBRARY OF CONGRESS CALL NUMBER
Classification number QA 300 Smi
100 ## - MAIN ENTRY--PERSONAL NAME
Personal name Smith, David A
245 14 - TITLE STATEMENT
Title The Calculus Reader : textbook for first semester calculus (preliminary edition)
Statement of responsibility, etc. By David A. Smith; Lawrence C. Moore
260 ## - PUBLICATION, DISTRIBUTION, ETC.
Place of publication, distribution, etc.
Name of publisher, distributor, etc. Health & Co
Date of publication, distribution, etc. 1993
300 ## - PHYSICAL DESCRIPTION
Extent illustrations
650 #0 - SUBJECT ADDED ENTRY--TOPICAL TERM
Topical term or geographic name entry element CALCULUS
700 ## - ADDED ENTRY--PERSONAL NAME
Personal name Moore, Lawrence C
995 ## - RECOMMENDATION 995 [LOCAL, UNIMARC FRANCE]
-- 6.94
-- CBU-MAIN LIBRARY (Kitwe)
-- 1
-- AVAILABLE
-- Feb 17, 2021
-- Main Library Open Access Collection
Holdings
Withdrawn status Lost status Source of classification or shelving scheme Damaged status Not for loan Home library Current library Shelving location Date acquired Total Checkouts Full call number Barcode Date last seen Price effective from Koha item type
          CBU-MAIN LIBRARY, KITWE. CBU-MAIN LIBRARY, KITWE.   11/30/2022   QA 300 Smi 750716 11/30/2022 11/30/2022 MONOGRAPH